Democratización de la educación en Chile

Guardat en:
Dades bibliogràfiques
Autor principal: Salas Neumann, Emma S (Autor)
Format: Llibre
Idioma:espanyol
Publicat: Santiago Universitaria 2001
Col·lecció:Colección El Sembrador
Matèries:
Etiquetes: Afegir etiqueta
Sense etiquetes, Sigues el primer a etiquetar aquest registre!

MARC

LEADER 00000cam a2200000 a 4500
001 UCM8780
003 CL-VaPUC
008 030328e20011200CL |||||||||||||||||spa|d
082 0 4 |a 370.983  |b SAL  |2 21 
100 0 |a Salas Neumann, Emma S  |e author  |9 474974 
245 1 0 |a Democratización de la educación en Chile 
300 |a 103 p 
942 |c BK 
945 |d 20030328 00:00:00  |a vberengu 
260 |a Santiago  |b Universitaria  |c 2001 
650 0 |a Estado y educación   |9 311264 
650 0 |a Aspectos sociales  |9 254894 
650 0 |a Educación chilena   |9 327162 
651 7 |a CHILE  |2 CL-VaPUC  |9 474975 
583 |a last modification  |c 20190507 08:47:59  |k Rodrigo Vera 
490 0 |a Colección El Sembrador 
999 |c 303205  |d 303203 
952 |0 0  |1 0  |4 0  |6 370_983000000000000_SAL_2001  |7 0  |8 A  |9 364356  |a BIBCUR  |b BIBCUR  |d 2019-11-21  |i 3886611  |o 370.983 SAL 2001  |p 3886611  |r 2025-04-22  |w 2019-11-21  |y BK  |k BCB 
952 |0 0  |1 0  |4 0  |6 370_983000000000000_SAL_2001  |7 0  |8 A  |9 364357  |a BIBCUR  |b BIBCUR  |d 2019-11-21  |i 3884058  |l 1  |o 370.983 SAL 2001  |p 3884058  |r 2025-04-22  |s 2024-11-21  |w 2019-11-21  |y BK  |k BCB 
952 |0 0  |1 0  |4 0  |6 370_983000000000000_SAL_2001  |7 0  |8 A  |9 364358  |a BIBEDU  |b BIBEDU  |d 2019-11-21  |i 4150465  |o 370.983 SAL 2001  |p 4150465  |r 2019-11-21  |w 2019-11-21  |y BK  |k EBA